Logo BPK

Biblioteka

Politechniki Koszalińskiej

Einführung in die deutsche Literatur des 20. Jahrhunderts. (Rekord nr 50916)

Szczegóły MARC
000 -ETYKIETA REKORDU
podpole kontrolne o stałej długości 00796nam a2200229 i 4500
001 - NUMER KONTROLNY REKORDU
pole kontrolne bgj
020 ## - MIĘDZYNARODOWY ZNORMALIZOWANY NUMER KSIĄŻKI - ISBN
ISBN 3531114247
040 ## - ŹRÓDŁO KATALOGOWANIA
Instytucja, która utworzyła rekord BPK
041 0# - KOD JĘZYKA
Kod języka tekstu ger
920 ## - Międzynarodowy znormalizowany numer książki – ISBN
ISBN 3-531-11424-7
008 - POLE O STAŁEJ DŁUGOŚCI - DANE KONTROLNE
podpole kontrolne o stałej długości s gw f |000 0 ger
100 1# - NAZWA OSOBOWA
Nazwa osobowa SCHÜTZ, Erhard
Daty związane z nazwą (1946- ).
245 10 - TYTUŁ/ODPOWIEDZIALNOŚĆ
Tytuł Einführung in die deutsche Literatur des 20. Jahrhunderts.
Oznaczenie części/sekcji dzieła B. 2,
Tytuł części/sekcji dzieła Weimarer Republik, Faschismus und Exil /
Pozostałe elementy strefy tytułu i oznaczenia odpowiedzialności Erhard Schütz, Jochen Vogt ; Unter Mitarbeit von Karl W. Bauer [et al.].
260 ## - STREFA ADRESU WYDAWNICZEGO
Miejsce wydania Opladen :
Nazwa wydawcy/dystrybutora Westdeutscher Verlag,
Data publikacji, dystrybucji/powstania dokumentu 1978.
300 ## - STREFA OPISU FIZYCZNEGO
Objętość 329 S. ;
Rozmiary 19 cm.
490 1# - STREFA SERII I DOKUMENTU WIELOCZĘŚCIOWEGO - FORMA NIE DO WYSZUKIWANIA
Tytuł i oznaczenie odpowiedzialności serii Grundkurs Literaturgeschichte
650 #9 - HASŁO PRZEDMIOTOWE W FORMIE NAZWY OGÓLNEJ LUB JEDNOSTKOWEJ
Nazwa ogólna lub geograficzna Deutsche Literatur
Określnik ogólny Literaturgeschichte
Określnik chronologiczny 20 Jahrhundert
700 1# - HASŁO DODATKOWE - NAZWA OSOBOWA
Nazwa osobowa VOGT, Jochen
700 1# - HASŁO DODATKOWE - NAZWA OSOBOWA
Nazwa osobowa BAUER, Karl W.
830 ## - HASŁO DODATKOWE SERII LUB DOKUMENTU WIELOCZĘŚCIOWEGO - TYTUŁ UJEDNOLICONY
Tytuł ujednolicony Grundkurs Literaturgeschichte
856 ## - LOKALIZACJA I DOSTĘP DO ELEKTRONICZNYCH DOKUMENTÓW ZDALNYCH
Link (URL) http://koha.tu.koszalin.pl/cgi-bin/koha/opac-detail.pl?biblionumber=50916
Tekst linku Katalog online BPK
942 ## - DODATKOWE ELEMENTY (KOHA)
Typ dokumentu Książka
Egzemplarze
Wycofany Status egzemplarza Uszkodzony Dostępność Lokalizacja stała Lokalizacja bieżąca Miejsce przechowywania Sygnatura Kod kreskowy Dział Typ dokumentu
      Tylko na miejscu Biblioteka Politechniki Koszalińskiej Biblioteka Politechniki Koszalińskiej Czytelnia Wydziałowa ul. Kwiatkowskiego 6e N 13 01580341 821.112.2(091) Literatura niemiecka - historia Książka
© 2023 Biblioteka Politechniki Koszalińskiej :: KOHA